000 00489nam a2200145 4500
008 171109b xxu||||| |||| 00| 0 eng d
022 _a1530-2369
082 _2Sept 2011-Nov 2013 v. 96-98
_aDPer 659.1405
_bB1
245 _aB to B.
260 _aChicago, Ill. :
_bCrain Communications,
_cc2011-c2013.
300 _a1(various paging):
_bcolor illustrations;
_c37 cm.
650 0 _923158
_aAdvertising -- Periodicals
650 0 _923159
_aIndustrial marketing -- Periodicals
942 _2ddc
_cPER
999 _c7693
_d7693